000 00379nam a22001577a 4500
003 MPLRDC
005 20220104123441.0
008 210129b ||||| |||| 00| 0 eng d
082 _a993.61 LZA
100 _a庐志昂编著
245 _a滑板技术
_c
260 _a
_b香港万里书店
_c1978
300 _b
650 _a户外活动--滑板
942 _cBK
_o993.61 LZA
999 _c11525
_d11515